01276nam a2200325 a 450000500170000000800410001704000270005804100080008504400070009308200180010011000460011824500710016425000220023526001310025730000330038865000270042165000260044865000360047465000300051065000230054065000280056365000240059165000240061566200130063971000530065271000530070594200150075899900150077395201620078820200104041539.0140310s2001 ck fr|||| 000 0 spa d aCO-BoIAVH cCO-BoIAVH 0 aspa ack04a631.584bA34a2 bAlcaldía Mayor de Santafé de Bogotá13aLa agricultura orgánica como alternativa de gestión ambiental  aPrimera edición aBogotá :bUniversidad Distrital Francisco José de Caldas :bIDEXUD :bAlcaldía Mayor Secretaría de Educación,c2001. a128 páginas ;c24 x 17 cm.16aAgricultura orgánica26aDesarrollo sostenible16aMétodos de cultivo orgánico26aCertificación ambiental26aAbonos orgánicos26aAgricultura ecológica26aProducción limpia26aGestión ambiental aColombia2 aUniversidad Distrital Francisco José de Caldas2 aInstituto de Extensión y Educación no Formal cLIBRO2ddc c3249d3249 00102ddc40708GENERALIINV2017aBogotabBogotad2003-04-14eInstitutog39000.00l0oLB-631.584 A34ap014010r2012-12-04 00:00:00tEj. 1w2012-12-04yLIBRO